| 000 | 00599nam a22002297a 4500 | ||
|---|---|---|---|
| 005 | 20250219155046.0 | ||
| 008 | 220331b2009 xxu||||| |||| 00| 0 spa d | ||
| 020 | _a9788431326210 | ||
| 041 | _aESP | ||
| 082 | _aR 577.03 G633d | ||
| 100 | _aGómez García, Manuel | ||
| 245 | _aDiccionario de uso del medio ambiente | ||
| 260 | _aEspaña | ||
| 260 | _bEdiciones Universidad de Navarra | ||
| 260 | _c2009 | ||
| 300 | _a429 páginas | ||
| 650 | _aDICCIONARIOS | ||
| 650 | _aMEDIO AMBIENTE | ||
| 650 | _aASPECTOS AMBIENTALES | ||
| 650 | _aPROTECCIÓN MEDIO AMBIENTE | ||
| 942 |
_cREF _2ddc |
||
| 999 |
_c13310 _d13310 |
||